| 000 | 00592nam a2200229Ia 4500 | ||
|---|---|---|---|
| 003 | OSt | ||
| 005 | 20220918191852.0 | ||
| 006 | a|||||r|||| 00| 0 | ||
| 007 | ta | ||
| 008 | 220917b |||||||| |||| 00| 0 eng d | ||
| 024 | _a65,515 | ||
| 037 | _cTextual | ||
| 040 |
_aARTS _cARTS _beng |
||
| 041 |
_2eng _aeng |
||
| 082 | _aQ86, K4 (906) | ||
| 100 |
_aFroelich J C _977424 |
||
| 245 | 0 |
_aAnimismes _b les religons paiennes de I'Afrique de I'Ouest |
|
| 260 | _c1964 | ||
| 650 | _aRELIGION | ||
| 942 |
_hQ86, K4 (906) _cTEXL _2CC |
||
| 999 |
_c191758 _d191758 |
||